000 00597nam a2200205Ia 4500
005 20250923145344.0
008 008 250917s9999 xx 000 0 eng d
037 _aTextual
040 _aDSWL
_beng
_cDSWL
041 _aeng
_2eng
084 _aYX,zC;5.25224, N62
_qDSWL
100 _aSaksena, R.N.
_9834411
245 0 _aPhysically Handicapped in Kanpur
_c by R.N. Saksena
260 _aAgra
_bInstitute of Social Sciences
_c1962
300 _a44p.
365 _aINR
_b2 . 0
925 _g2 . 0
942 _cTEXL
_hYX,zC;5.25224, N62
999 _c1450370
_d1450370